000 02106nam a22003497a 4500
005 20230302063546.0
008 230209s2021 mx aoh|| |||| 00| 0 spa d
020 _a9786075492384
040 _aMX-MxUPN
_bspa
_cMX-MxUPN
050 4 _aLA428.7
_bC56 2019
245 0 2 _aA 50 años del halconazo :
_b10 de junio de 1971 /
_ccompilación documental y notas de presentación, Camilo Vicente Ovalle [y otros seis] ; entrevistas realizadas por Alicia de los Ríos Merino, Alonso Getino Lima, Eunice Hernández Gómez, Gerardo Necoechea Gracia, Cyndi Lilibeth Pérez Ramírez ; selección y compilación, Víctor Jesús Gallegos Roberto [y otros seis] ; memoria, testimonio, rebeldía, Gerardo Necoechea Gracia.
246 3 _aA cincuenta años del halconazo :
_b10 de junio de 1971
250 _aPrimera edición
260 _aCiudad de México, México :
_bInstituto Nacional de Estudios Históricos de las Revoluciones de México :
_bCentro Cultural Universitario Tlatelolco :
_bSecretaría de Gobernación :
_bSecretaría de Cultura,
_c2021.
300 _a2 volúmenes :
_bilustraciones, facsímiles, fotografías en blanco y negro
490 _aSerie Antologías (INEHRM)
505 0 _avol.1
_tAntología documental --
505 0 _gvol.2
_tAntología de testimonios
650 0 _947811
_aMovimientos estudiantiles
_zCiudad de México
_ySiglo XX
_vFuentes
650 0 _947812
_aMovimientos estudiantiles
_zCiudad de México
_ySiglo XX
_vNarraciones personales
650 2 _aEstudiantes
_xActividad política
_zCiudad de México
_xHistoria
_ySiglo XX
_927247
700 1 _aVicente Ovalle, Camilo
_ecompilador
_947813
700 1 _aRíos Merino, Alicia de los
_eentrevistadora
_947814
700 1 _aGetino Lima, Alonso
_eentrevistador
_947815
700 1 _aHernández Gómez, Eunice
_eentrevistadora
_947816
700 1 _aNecoechea Gracia, Gerardo
_eentrevistador
_947817
700 1 _aPérez Ramírez, Cyndi Lilibeth
_eentrevistador
_947818
700 1 _aGallegos Roberto, Víctor Jesús
_ecompilador
_947819
902 _aGabrielCapula/090223
_bNoemiAcosta/140223
942 _2lcc
_cLIBRO
_n0
999 _c209104
_d209104